| 000 | 00474pab a2200169 454500 | ||
|---|---|---|---|
| 008 | 180718b2004 xxu||||| |||| 00| 0 eng d | ||
| 100 | _aSankar, Deepa | ||
| 245 | _aHealth system performance in rural India: efficiency estimates across states | ||
| 260 | _c2004 | ||
| 300 | _ap.1427-433 | ||
| 362 | _a27 Mar | ||
| 650 | _aHealth services - India | ||
| 650 | _aHealth services | ||
| 700 | _aKathuria, Vinish | ||
| 773 | _aEconomic and Political Weekly | ||
| 909 | _a60097 | ||
| 999 |
_c60097 _d60097 |
||